| 000 | 01491nam a2200325 i 4500 | ||
|---|---|---|---|
| 003 | EG-GICUC | ||
| 005 | 20260121101637.0 | ||
| 008 | 260102s1985 ua ||||fr|||| 00| 0 ara d | ||
| 017 | _a1985/3056 | ||
| 040 |
_a EG-GICUC _bara _c EG-GICUC _d EG-GICUC _erda |
||
| 041 | 0 | _aara | |
| 082 | 0 | 4 |
_221 _a345.456 _bم أ . ش |
| 092 | 0 | 4 | _221 |
| 099 | _aLaw1 07 345.456 م أ . ش 1985 | ||
| 100 | 0 |
_aماهر عبدالهادى _eمؤلف. |
|
| 245 | 1 | 2 |
_aالشرعية الإجرائية في التأديب : _bدراسة حول مدى تطبيق مفهوم الشرعية المتشكلية الجامدة على الإجراءات التادييية في القانون الإداري المصرى والمقارن / _cماهر عبدالهادى. |
| 264 | 3 |
_aالقاهرة : _bدار غريب للطباعة، _c1985. |
|
| 300 |
_a495 ؛ صفحة _c24 سم. _bإيضاحيات، صور، مثيليات ؛ |
||
| 336 |
_2rda content _atext |
||
| 337 |
_2rda media _aComputer |
||
| 338 |
_2rda carrier _aOnline Resource |
||
| 504 | _a. 465-489 ببليوجرافيا: صفحات | ||
| 546 | _aالنص أغلبه باللغة العربية مع بعض النصوص الإنجليزية | ||
| 650 | 1 | 4 |
_aاجراءات وضمانات تأديب العاملين المدنين بالدولة _2qrmak |
| 650 | 1 | 4 |
_aالقانون الإدارى _2qrmak |
| 651 | 1 | _2qrmak | |
| 856 | 4 | 0 | _uhttps://fll.law.cu.edu.eg/fulltext/bks/B07-01919.pdf |
| 905 | _a77 | ||
| 942 |
_2ddc _cBK _e21 _n0 |
||
| 999 |
_c53957 _d53957 |
||